00915nam a2200241Ia 450000100060000000300090000600800410001504000130005604000130006904100130008210000200009510000290011524500420014424500870018625000110027326000110028426000120029526000490030730000590035650002030041565000240061865000310064286607IT-RoPAU130308s9999 xx 000 0 und d aIT-RoPAU cIT-RoPAU aSPAGNOLO aTordera Antonio gCodice Aut. SPICS: 3453 aTeoria y tecnica del analisis teatral bElementos Para una Semiotica del Texto Artistico (Poesia, Narrativa, Teatro, Cine) a1a ed. aMADRID bCatedra c1988 [1° Ed.:1988 - Ed.Ling.Originale:1988] a"45 p. (prefazione: no ; testo: 45 [pagine: 155-199])" aTeoria e Tecnica dell'Analisi Teatrale Oggetto Teatrale Elementi di Teoria Critica Epistemologia Concetti strumentali di Semiotica Teatrale Analisi della Dimensione Sintattica Semantica e Pragmatica aSAGGI DI SEMIOLOGIA eCodice materia Spics: 3257